000 01390nam a2200349 a 4500
001 BRCA_7639
005 20190320205925.0
008 020913s1983----pl-#######---#000-1#pol-#
020 _a8306010310
041 _apol
044 _apl
050 4 _aPQ6323
_b.C47 pol 1983
100 1 _aCervantes Saavedra, Miguel de
_d1547-1616
_9213
245 1 0 _aPrzemyslny szlachcic Don Kichote z Manczy
_cMiguel de Cervantes ; przelozyli Anna Ludwika Czerny i Zygmunt Czerny.
250 _a2
260 _aVarsovia, Polonia
_bPanstwowy Instytut Wydawniczy
_c1983
300 _a463 p. (v.2)
_c20 cm.
500 _aTraducción de : El ingenioso hidalgo Don Quijote de la Mancha
500 _aLibro donado por la Sra. Joanna Kosinska Fryber, Embajadora de Polonia, 5-IV-1995
500 _aEstado físico : se encuentra mal paginado en 257-288 y 225-256
500 _aVer también No. de Sist. 4808 (v.1, 1972)
546 _aTexto en : polaco
650 1 4 _aNovela española
_yÉpoca clásica, 1500-1700
_9215
650 1 4 _aLiteratura española
_yÉpoca clásica, 1500-1700
_9216
650 1 4 _aNovela española
_ySiglo XVII
_9217
650 1 4 _aDon Quijote (Personaje ficticio)
_vNovela
_911664
700 1 _aCzerny, Anna Ludwika
_eTraductora
_918844
700 1 _aCzerny, Zygmunt
_eTraductor
_918845
740 0 _aEl Ingenioso Hidalgo Don Quijote de la Mancha
902 _aQAG
942 _2lcc
_cB
999 _c7313
_d7313